书目信息 |
| 题名: |
挣脱时间的网
|
|
| 作者: | 李德武 著 | |
| 分册: | ||
| 出版信息: | 上海 文汇出版社 2019.12 |
|
| 页数: | 248页 | |
| 开本: | 21cm | |
| 丛书名: | ||
| 单 册: | ||
| 中图分类: | B-53 , I207.22 | |
| 科图分类: | ||
| 主题词: | 哲学--文集 , 诗歌评论--中国--当代--文集 | |
| 电子资源: | ||
| ISBN: | 978-7-5496-3072-1 | |
| 000 | 00985nam0 2200277 450 | |
| 001 | 0120202955268 | |
| 005 | 20201027100021.60 | |
| 010 | @a978-7-5496-3072-1@dCNY28.00 | |
| 100 | @a20200227d2019 em y0chiy50 ea | |
| 101 | 0 | @achi |
| 102 | @aCN@b310000 | |
| 105 | @ak z 000yy | |
| 106 | @ar | |
| 200 | 1 | @a挣脱时间的网@9zheng tuo shi jian de wang@b专著@e从芝诺的两个悖论说起@f李德武著 |
| 210 | @a上海@c文汇出版社@d2019.12 | |
| 215 | @a248页@d21cm | |
| 330 | @a本书是诗人李德武的哲学和诗歌批评文集,全书分为时钟、古老的手艺、把地狱揣在兜里、通过小事物抗拒绝望、寻常等五个章节,内容包括:揭开时间的面纱;时间与语言;论真相等。 | |
| 333 | @a哲学爱好者,诗歌爱好者 | |
| 517 | 1 | @a从芝诺的两个悖论说起@9cong zhi nuo de liang ge bei lun shuo qi |
| 606 | 0 | @a哲学@j文集 |
| 606 | 0 | @a诗歌评论@y中国@z当代@j文集 |
| 690 | @aB-53@v5 | |
| 690 | @aI207.22@v5 | |
| 701 | 0 | @a李德武@9li de wu@f(1963-)@4著 |
| 801 | 0 | @aCN@b人天书店@c20200227 |
| 905 | @b1296561-64@dB-53@e103@f4 | |
| 挣脱时间的网:从芝诺的两个悖论说起/李德武著.-上海:文汇出版社,2019.12 |
| 248页;21cm |
| 使用对象:哲学爱好者,诗歌爱好者 |
| ISBN 978-7-5496-3072-1:CNY28.00 |
| 本书是诗人李德武的哲学和诗歌批评文集,全书分为时钟、古老的手艺、把地狱揣在兜里、通过小事物抗拒绝望、寻常等五个章节,内容包括:揭开时间的面纱;时间与语言;论真相等。 |
| ● |
| 相关链接 |
|
|
|
|
正题名:挣脱时间的网
索取号:B-53/103
 
预约/预借
| 序号 | 登录号 | 条形码 | 馆藏地/架位号 | 状态 | 备注 |
| 1 | 1296561 | 212965610 | 第一样本阅览室/ [索取号:B-53/103] | 在馆 | |
| 2 | 1296562 | 212965629 | 第一借阅区/ [索取号:B-53/103] | 在馆 | |
| 3 | 1296563 | 212965638 | 第一借阅区/ [索取号:B-53/103] | 在馆 | |
| 4 | 1296564 | 212965647 | 第一借阅区/ [索取号:B-53/103] | 在馆 |